Elias Venezis /

Bibliographic Details
Main Author: Karanikas, Alexander
Format: Book
Language:English
Published: New York : Twayne Publishers, [1969]
Series:Twayne's world authors series ; TWAS 74.
Twayne's world authors series. Greece.
Subjects:

MARC

Tag First Indicator Second Indicator Subfields
LEADER 00000cam a2200000 4500
001 in00000211413
005 20151009054856.0
008 700217s1969 nyu b 00110 eng d
010 |a  68057243  
035 |a (OCoLC)00057225 
035 |9 AAW9233AM 
040 |a DLC  |c DLC  |d TXA  |d UtOrBLW 
049 |a TXAM  |c [1123082] 
050 0 0 |a PA5610.M35  |b Z75 
082 0 |a 889/.3/32 
100 1 |a Karanikas, Alexander. 
245 1 0 |a Elias Venezis /  |c by Alexander Karanikas and Helen Karanikas. 
264 1 |a New York :  |b Twayne Publishers,  |c [1969] 
300 |a 158 pages ;  |c 21 cm. 
336 |a text  |b txt  |2 rdacontent 
337 |a unmediated  |b n  |2 rdamedia 
338 |a volume  |b nc  |2 rdacarrier 
490 1 |a Twayne's world authors series ;  |v TWAS 74  |a Greece 
504 |a Bibliography: pages 151-154. 
600 1 0 |a Venezēs, Ēlias,  |d 1904-1973. 
830 0 |a Twayne's world authors series ;  |v TWAS 74. 
830 0 |a Twayne's world authors series.  |p Greece. 
999 |a MARS 
999 f f |s c8592d04-bae8-34fe-8dd6-34ce067262fe  |i e4d5b20b-e8a3-3635-88c5-3b8146671274  |t 0 
952 f f |p ric  |a Texas A&M University  |b Rellis Campus  |c Joint Library Facility  |d Remote Storage  |t 0  |e PA5610.M35 Z75  |h Library of Congress classification  |i unmediated -- volume  |m A14803552223 
998 f f |a PA5610.M35 Z75  |t 0  |l Remote Storage